00421nam a22001337a 450000500170000000800410001704100130005808200130007110000130008424500450009726000870014230000320022965000260026120240513095231.0240513b |||||||| |||| 00| 0 eng d aEnglish  a349 LAW  lEnglish  aThe Law Reports: Queen's Bench Division  aLondon: bThe Incorporated Council of Law Reporting for England and Wales, c1995  bxxiii, 431 pages; c25 cm.  aLegal practice bLaw